Statistics for Stray Kids Songs that Start with the First Letter of the Members Names

Click here to take the quiz!

General Stats

  • This quiz has been taken 127 times
  • The average score is 10 of 64

Answer Stats

MemberAnswer% Correct
Back Door
56%
SeungminSclass
55%
Hellevator
49%
Lee KnowLaLaLa
43%
Levanter
43%
Case 143
37%
Limbo
33%
BangchanB Me
29%
Leave
29%
Cheese
27%
Charmer
26%
Circus
26%
Silent Cry
23%
Christmas Evel
21%
I.N.I Am You
21%
Insomnia
20%
Lonely St.
20%
Side Effects
20%
Socialpath
20%
Chill
18%
Cover me
18%
Freeze
18%
Secret Secret
18%
Han and HyunjinHall of Fame
17%
Item
17%
Hug me
16%
Sorry I Love You
16%
Collision
15%
Fam
15%
Scars
15%
Beware
13%
Comflex
13%
Haven
13%
Can't stop
12%
Love Stay
12%
Blueprint
11%
Boxer
11%
Happy
11%
I Hate to Admit
11%
Lost me
11%
Ice Cream
10%
Because
9%
Blind Spot
9%
Booster
9%
Love Untold
9%
Connected
7%
Battle Ground
6%
Butterflies
6%
FelixFairytale
6%
Heyday
6%
School Life
5%
Slump
5%
ChangbinCall
4%
Close
4%
I Got It
4%
Hello Stranger
2%
Contradicting
1%
Here Always
1%
Ice Americano
1%
Blackhole
0%
Cypher
0%
Fly high
0%
Hero Soup
0%
Hold on
0%

Score Distribution

Percentile by Number Answered

Percent of People with Each Score

Your Score History

You have not taken this quiz